|
|
|
|
| LEADER |
00000nam a2200000 a 4500 |
| 001 |
vtls011874840 |
| 003 |
SK-MaSNL |
| 005 |
20260302092828.0 |
| 008 |
251112 1585 it 001 0 lat |
| 015 |
|
|
|a SNBHFA1585
|
| 040 |
|
|
|a SNKHF
|b slo
|c SNK
|e AACR2
|
| 041 |
|
|
|a lat
|
| 044 |
|
|
|a it
|c IT
|
| 072 |
|
7 |
|a 2-1
|x Prirodzená teológia. Náboženská filozofia
|2 konspekt
|
| 080 |
|
|
|a 2-1
|2 2011
|
| 080 |
|
|
|a 27-475.5
|2 2011
|
| 100 |
1 |
|
|a Trujillo, Tomas de,
|d 16. storočie
|4 aut
|9 356974
|
| 245 |
1 |
0 |
|a [Thesauri concionatorum... tomus]
|
| 260 |
|
|
|a Venetiis
|b Apud Dominicum de Farris
|c M D LXXXV. [=1585]
|
| 300 |
|
|
|a 2 tomi
|c 4°
|c 22 cm
|
| 500 |
|
|
|a Vineta, iniciálky s ornamentálnym pozadím v rámčeku a vo voľnom priestore na 4, 6, 8 riadkov, kustódy
|
| 504 |
|
|
|a Marginálie
|
| 505 |
1 |
|
|a Tomus 1.: [4], 2414 stĺpcov ; Tomus 2.: 236 stĺpcov
|
| 508 |
|
|
|a Dedikácia: Trujillo, Thomas de; Oliveyra, Franciscus; Ponce de Leon, Gonzalo
|
| 510 |
4 |
|
|a ICCU - CNCE 38608
|
| 546 |
|
|
|a Latinčina
|b Kurzíva
|
| 561 |
|
|
|a Z knižnice františkánov v Bratislave.
|5 SNK IC 144777
|
| 562 |
|
|
|a Rukopisné poznámky v latinčine.
|5 SNK IC 144777
|
| 562 |
|
|
|a Defekt: Chýba titulný list.
|5 SNK IC 144777
|
| 563 |
|
|
|a Väzba: pôvodná, tmavá hladká koža.
|5 SNK IC 144777
|
| 650 |
0 |
7 |
|a teológia
|2 SNKPH
|9 1814
|
| 650 |
0 |
7 |
|a kázne
|2 SNKPH
|9 1954
|
| 700 |
1 |
|
|a Farri, Domenico,
|d 1519-1604
|4 prt
|9 127574
|
| 700 |
1 |
|
|a Oliveyra, Francisco
|4 hnr
|9 129513
|
| 700 |
1 |
|
|a Ponce De Leon, Gonzalo,
|d 1530-okolo 1590
|4 hnr
|9 129888
|
| 710 |
1 |
|
|a Františkáni (Bratislava, Slovensko)
|4 fmo
|9 281881
|
| 710 |
0 |
|
|a Farri, Domenico (Benátky, Taliansko),
|d 1555-1602
|4 prt
|9 195760
|
| 752 |
|
|
|a Taliansko
|d Benátky
|
| 852 |
|
|
|a snk
|b Historické fondy
|p IC 144777
|
| 999 |
|
|
|c 1206308
|d 1208238
|
| 952 |
|
|
|t Fr Ba 10 664
|a SNK
|b SNK
|c SNK_HF
|y PREZ
|7 0
|p 17A1356183
|o snkIC 144777
|i snk2019/17765
|8 5
|0 0
|1 0
|4 0
|d 2019-07-02
|f 1
|l 0
|r 2026-02-24 22:57:35
|w 2026-02-24
|